00488nam a22001577a 45000050016000000100014000160200026000300350013000560370013000690820006000821000016000882450095001042600037001992700062002363000032002982010072205365.0 aENG-96685 a9788126023509c175.00 aEN-80218 bDBAD/VEN aS aNayar, Rana aTales of tomorrow:cby Rana Nayarba collection of contemporary indian stories in english/ aNew DelhibSahitya Akademic2008 bNew Delhie110001aRabindra Bhavan, 35, Ferozeshah Road,, axxxiii, 264 p.c22 cm (pbk)